| 000 | 00475nam a2200145 i 4500 | ||
|---|---|---|---|
| 001 | 78703 | ||
| 003 | ES-MaACL | ||
| 007 | t| | ||
| 008 | 041015s1901 fr ||||1| fre d | ||
| 100 | 1 |
_aGalpérine-Kaminski, Ilia. _953672 |
|
| 245 | 1 | 0 |
_aIvan Tourguéneff d'aprés sa correspondance avec ses amis français / _cI. Halpérine-Kaminsky. |
| 260 |
_aParis : _bBibliothèque-Charpentier, _c1901 ( _fEugéne Pasquelle) |
||
| 300 | _aII, 358 p., 1 lám. | ||
| 852 |
_aES-MaACL _jG-3430 |
||
| 999 |
_c78703 _d78703 |
||